Thiết bị điện
Giới thiệu lập dạng đặc tính động cơ, nguyên lý hoạt động... của máy điện một chiều, máy biến áp, máy điện xoay chiều, động cơ đồng bộ 3 pha và hướng dẫn thực hành thiết kế lắp ráp máy biến áp, quấn cuộn dây động cơ cảm ứng tụ...
Đã lưu trong:
| 主要作者: | |
|---|---|
| 格式: | 圖書 |
| 語言: | Undetermined |
| 出版: |
Hà Nội
Lao Động - Xã Hội
2000
|
| 主題: | |
| 標簽: |
添加標簽
沒有標簽, 成為第一個標記此記錄!
|
| Thư viện lưu trữ: | Trung tâm Học liệu Trường Đại học Cần Thơ |
|---|
| LEADER | 01048nam a2200205Ia 4500 | ||
|---|---|---|---|
| 001 | CTU_41716 | ||
| 008 | 210402s9999 xx 000 0 und d | ||
| 082 | |a 621.3 | ||
| 082 | |b S581t/T.2 | ||
| 100 | |a Sik, Choi Yong | ||
| 245 | 0 | |a Thiết bị điện | |
| 245 | 0 | |c Choi Yong Sik | |
| 260 | |a Hà Nội | ||
| 260 | |b Lao Động - Xã Hội | ||
| 260 | |c 2000 | ||
| 520 | |a Giới thiệu lập dạng đặc tính động cơ, nguyên lý hoạt động... của máy điện một chiều, máy biến áp, máy điện xoay chiều, động cơ đồng bộ 3 pha và hướng dẫn thực hành thiết kế lắp ráp máy biến áp, quấn cuộn dây động cơ cảm ứng tụ điện 3 pha, điều chỉnh và sửa chữa động cơ cảm ứng điện áp 3 pha.... | ||
| 650 | |a Electrical engineering | ||
| 650 | |x Equipments and supplies | ||
| 904 | |i Trọng Hải | ||
| 980 | |a Trung tâm Học liệu Trường Đại học Cần Thơ | ||